书目信息 |
| 题名: |
轻松扮靓水族箱
|
|
| 作者: | 金彩霞 , 赵玉宝 编著 | |
| 分册: | 水草篇 | |
| 出版信息: | 北京 化学工业出版社 2009 |
|
| 页数: | 148页 | |
| 开本: | 24cm | |
| 丛书名: | ||
| 单 册: | ||
| 中图分类: | S965.8 , S682.32 | |
| 科图分类: | ||
| 主题词: | 水族箱--基本知识 , 水生维管束植物--养殖--基本知识 , 水族箱 , 水生维管束植物 | |
| 电子资源: | ||
| ISBN: | 978-7-122-04235-4 | |
| 000 | 01081nam0 2200313 45 | |
| 001 | 1033097968 | |
| 005 | 20100407164857.93 | |
| 010 | @a978-7-122-04235-4@dCNY48.00 | |
| 100 | @a20100401d2009 ekmy0chiy0120 ea | |
| 101 | 0 | @achi |
| 102 | @aCN@b110000 | |
| 105 | @aa z 001yy | |
| 106 | @ar | |
| 200 | 1 | @a轻松扮靓水族箱@AQing Song Ban Jing Shui Zu Xiang@i水草篇@IShui Cao Pian@f金彩霞,赵玉宝编著@FJin Cai Xia, Zhao Yu Bao Bian Zhu |
| 210 | @a北京@c化学工业出版社@d2009 | |
| 215 | @a148页@c彩图@d24cm | |
| 300 | @a完美水族箱系列 | |
| 320 | @a有索引(147-148页) | |
| 330 | @a本书概述了水草造景的技艺,介绍了水草造景各要素的搭配原则与注意事项,重点在第二章详细介绍了300余种水草的形态特征、生长条件、养护要点、疾病防治、布景位置等。 | |
| 606 | 0 | @a水族箱@x基本知识 |
| 606 | 0 | @a水生维管束植物@x养殖@x基本知识 |
| 606 | 0 | @a水族箱 |
| 606 | 0 | @a水生维管束植物 |
| 690 | @aS965.8@v4 | |
| 690 | @aS682.32@v4 | |
| 701 | 0 | @a金彩霞@AJin Cai Xia@4编著 |
| 701 | 0 | @a赵玉宝@AZhao Yu Bao@4编著 |
| 801 | 0 | @aCN@bTANGWEI@c20100407 |
| 905 | @b0588397-401@dS965.8@e31@f5 | |
| 轻松扮靓水族箱.水草篇/金彩霞,赵玉宝编著.-北京:化学工业出版社,2009 |
| 148页:彩图;24cm |
| 完美水族箱系列 |
| ISBN 978-7-122-04235-4:CNY48.00 |
| 本书概述了水草造景的技艺,介绍了水草造景各要素的搭配原则与注意事项,重点在第二章详细介绍了300余种水草的形态特征、生长条件、养护要点、疾病防治、布景位置等。 |
| ● |
| 相关链接 |
|
|
|
|
正题名:轻松扮靓水族箱
索取号:S965.8/31
 
预约/预借
| 序号 | 登录号 | 条形码 | 馆藏地/架位号 | 状态 | 备注 |
| 1 | 0588397 | 205883971 | 第二样本阅览室/ [索取号:S965.8/31] | 在馆 | |
| 2 | 0588398 | 205883980 | 第三借阅区/ [索取号:S965.8/31] | 在馆 | |
| 3 | 0588399 | 205883999 | 第三借阅区/ [索取号:S965.8/31] | 在馆 | |
| 4 | 0588400 | 205884006 | 第三借阅区/ [索取号:S965.8/31] | 在馆 | |
| 5 | 0588401 | 205884015 | 第三借阅区/ [索取号:S965.8/31] | 在馆 |